|
|
|
|
| LEADER |
01417nam a2200325 a 4500 |
| 001 |
0017496 |
| 003 |
BD-DhAAL |
| 005 |
20250406145013.0 |
| 008 |
981028s1999 nyuab b 001 0 eng |
| 010 |
|
|
|a 98049959
|
| 020 |
|
|
|a 041591986X (hb : acidfree paper)
|
| 020 |
|
|
|a 0415919878 (pb)
|
| 040 |
|
|
|a DLC
|c DLC
|d DLC
|d BD-DhAAL
|
| 050 |
0 |
0 |
|a HV553
|b .A585 1999
|
| 082 |
0 |
0 |
|a 363.34
|2 21
|
| 245 |
0 |
4 |
|a The angry earth :
|b disaster in anthropological perspective /
|c edited by Anthony Oliver-Smith and Susanna M. Hoffman.
|
| 260 |
|
|
|a New York :
|b Routledge,
|c 1999.
|
| 300 |
|
|
|a xiii, 334 p. :
|b ill., maps ;
|c 24 cm
|
| 504 |
|
|
|a Includes bibliographical references and index.
|
| 526 |
|
|
|a PPDM
|x Mr. Mohammad Aminur Rahman
Research Assistant
|
| 541 |
|
|
|a Ahsania Mission Book Distribution House
|e 17496
|
| 650 |
|
0 |
|a Natural disasters
|x Social aspects.
|
| 650 |
|
0 |
|a Hazardous geographic environments.
|9 56463
|
| 650 |
|
0 |
|a Human beings
|x Effect of environment on.
|
| 700 |
1 |
|
|a Oliver-Smith, Anthony.
|9 56504
|
| 700 |
1 |
|
|a Hoffman, Susannah M.
|9 56505
|
| 852 |
|
|
|a Ayesha Abed Library
|c General Stacks
|
| 942 |
|
|
|2 ddc
|c BK
|
| 999 |
|
|
|c 46705
|d 46705
|
| 952 |
|
|
|0 0
|1 0
|2 ddc
|4 0
|6 363_340000000000000_ANG
|7 0
|9 75612
|a BRACUL
|b BRACUL
|c GEN
|d 2024-06-05
|e Ahsania Mission Book Distribution House
|l 0
|o 363.34 ANG
|p 3010017496
|r 2024-06-05
|t 1
|w 2024-06-05
|y BK
|x Requisitioned by Mr. Mohammad Aminur Rahman (Research Assistant) ; £23.99
|